00911nam a2200229 a 450000100100000000500170001000800410002702000150006804000250008308200150010810000260012324501120014926000680026130000360032949000140036550000730037950400340045270000420048683000230052895201130055199900170066400004387820201002045025.0140508s1984 sp ac 000 0 spa d a8400056914 aDO-SdBNPbspacBNPHU axxxxbxxxx1 aBaranda, Julia97176010aGeorges Rouy (1851-1924), su obra botánica en España /cJulia Baranda ; prólogo Santiago Castroviejo. aMadrid :bReal Jardín Botánico, C.S.I.C.,bRaíces,c1984. a196 p. :bil., retrs. ;c24 cm.1 aRuiziav1 aIncluye referencias bibliográficas y notas al pie de las páginas aBibliografía : p. [193]-31812aCastroviejo, Santiagoepról.959513 0aRuizia ;n1971761 001050718MOaGRbGRcCTd2014-05-08iLF1l0oxxxx xxxxp43878-10r2020-06-25w2020-06-25y1ZNo se presta c43367d43367